[Event "Montcalm op"]
[Site "Quebec CAN"]
[Date "2017.01.07"]
[Round "3"]
[White "Larkin, Kevin"]
[Black "Garcia-Casillas, Carlos"]
[Result "0-1"]
[WhiteElo "1838"]
[BlackElo "1808"]
[WhiteFideId "-1"]
[WhiteFideId "-1"]
[PlyCount "84"]
[GameId "2160767908475025"]
[EventDate "2017.01.06"]
[EventType "swiss"]
[EventRounds "5"]
[EventCountry "CAN"]
[SourceTitle "EXT 2022"]
[Source "ChessBase"]
[SourceDate "2021.10.06"]
[SourceVersion "1"]
[SourceVersionDate "2021.10.06"]
[SourceQuality "1"]

1. e4 c5 2. Nf3 d6 3. d4 cxd4 4. Nxd4 Nf6 5. Nc3 a6 6. Bg5 e6 7. f4 Nbd7 8. Qf3 Qc7 9. O-O-O b5 10. Bd3 Bb7 11. Rhe1 Be7 12. Kb1 O-O 13. g4 Nc5 14. Bxf6 Bxf6 15. Nce2 b4 16. g5 Be7 17. Ng3 a5 18. f5 Bxg5 19. Qg4 Bf6 20. Nb5 Qb6 21. Nh5 Be5 22. Bc4 Nxe4 23. Rxe4 exf5 24. Qxf5 g6 25. Qg4 Kh8 26. Rxe5 dxe5 27. Nd6 gxh5 28. Qxh5 f6 29. Qg4 Ba6 30. Be6 Ra7 31. Rg1 Qd8 32. Ne4 Bc8 33. Nc5 Qe8 34. Bxc8 Qxc8 35. Nd3 Qxg4 36. Rxg4 Rg7 37. Re4 Rg1+ 38. Nc1 Rd8 39. a3 Rdd1 40. axb4 Rxc1+ 41. Ka2 axb4 42. Rxb4 Rxc2 0-1

[Event "Montcalm op"]
[Site "Quebec CAN"]
[Date "2017.01.07"]
[Round "3"]
[White "Vadnais, Michel"]
[Black "Cournoyer, Dominic"]
[Result "1/2-1/2"]
[WhiteElo "1706"]
[BlackElo "1944"]
[WhiteFideId "-1"]
[WhiteFideId "-1"]
[PlyCount "109"]
[GameId "2160767908475027"]
[EventDate "2017.01.06"]
[EventType "swiss"]
[EventRounds "5"]
[EventCountry "CAN"]
[SourceTitle "EXT 2022"]
[Source "ChessBase"]
[SourceDate "2021.10.06"]
[SourceVersion "1"]
[SourceVersionDate "2021.10.06"]
[SourceQuality "1"]

1. e4 d5 2. exd5 Nf6 3. d4 Nxd5 4. Nf3 Bg4 5. Be2 e6 6. O-O Be7 7. c4 Nf6 8. Be3 O-O 9. Nbd2 Nbd7 10. Qc2 c5 11. h3 Bf5 12. Bd3 cxd4 13. Bxd4 Bxd3 14. Qxd3 e5 15. Bc3 Qc7 16. Rfe1 Bd6 17. Rad1 Rad8 18. Qc2 Rfe8 19. b4 b6 20. a3 h6 21. Bb2 Nf8 22. Ne4 Nxe4 23. Qxe4 Nd7 24. Qc2 Re6 25. Nd2 Nf6 26. Ne4 Nxe4 27. Qxe4 Rc8 28. Rc1 Qc6 29. Qd5 Qxd5 30. cxd5 Rxc1 31. Rxc1 Re8 32. Kf1 Kf8 33. Ke2 Ke7 34. Kd3 Kd7 35. f3 f5 36. Re1 g6 37. g4 fxg4 38. hxg4 Rf8 39. Ke2 h5 40. Rh1 hxg4 41. fxg4 Rf4 42. Rh7+ Be7 43. d6 Kxd6 44. Bxe5+ Kxe5 45. Rxe7+ Kd6 46. Rxa7 Rxg4 47. Rf7 Kc6 48. Rf6+ Kb5 49. Rf3 Ka4 50. Rf6 b5 51. Ra6+ Kb3 52. Kf3 Rg1 53. Rb6 Kc4 54. Rc6+ Kb3 55. Rb6 1/2-1/2

[Event "Montcalm op"]
[Site "Quebec CAN"]
[Date "2017.01.07"]
[Round "4"]
[White "Garcia-Casillas, Carlos"]
[Black "Dube, Daniel"]
[Result "0-1"]
[WhiteElo "1808"]
[BlackElo "1782"]
[WhiteFideId "-1"]
[WhiteFideId "-1"]
[PlyCount "92"]
[GameId "2160767908475029"]
[EventDate "2017.01.06"]
[EventType "swiss"]
[EventRounds "5"]
[EventCountry "CAN"]
[SourceTitle "EXT 2022"]
[Source "ChessBase"]
[SourceDate "2021.10.06"]
[SourceVersion "1"]
[SourceVersionDate "2021.10.06"]
[SourceQuality "1"]

1. e4 g6 2. d4 Bg7 3. Nc3 a6 4. Be3 d6 5. Qd2 e5 6. Nge2 Nc6 7. d5 Nce7 8. f3 f5 9. O-O-O Nf6 10. Kb1 O-O 11. Bh6 b5 12. Bxg7 Kxg7 13. a3 fxe4 14. Nxe4 Nfxd5 15. h4 Nf4 16. Nxf4 Rxf4 17. h5 Ng8 18. hxg6 h6 19. Ng3 Qg5 20. Nh5+ Kxg6 21. Nxf4+ exf4 22. Qd5 Qxd5 23. Rxd5 Nf6 24. Bd3+ Kg7 25. Rd4 Bd7 26. Rxf4 c5 27. Re1 Nd5 28. Rh4 c4 29. Be4 Re8 30. Reh1 Nf6 31. Rxh6 d5 32. Rh7+ Nxh7 33. Rxh7+ Kf6 34. Bxd5 Re1+ 35. Ka2 Bf5 36. Rf7+ Kg6 37. Rxf5 Kxf5 38. Be4+ Kf4 39. b4 Re2 40. g4 Rxe4 41. fxe4 Kxg4 42. e5 Kf5 43. e6 Kxe6 44. a4 Ke5 45. axb5 axb5 46. c3 Ke4 0-1

[Event "Montcalm op"]
[Site "Quebec CAN"]
[Date "2017.01.07"]
[Round "4"]
[White "Pare, Marc"]
[Black "Auger, Bertrand"]
[Result "1-0"]
[WhiteElo "1946"]
[BlackElo "2019"]
[WhiteFideId "-1"]
[WhiteFideId "-1"]
[PlyCount "53"]
[GameId "2160767908475030"]
[EventDate "2017.01.06"]
[EventType "swiss"]
[EventRounds "5"]
[EventCountry "CAN"]
[SourceTitle "EXT 2022"]
[Source "ChessBase"]
[SourceDate "2021.10.06"]
[SourceVersion "1"]
[SourceVersionDate "2021.10.06"]
[SourceQuality "1"]

1. e4 e6 2. Nf3 d5 3. Nc3 d4 4. Ne2 Nc6 5. c3 e5 6. cxd4 exd4 7. Qa4 Bc5 8. b4 Bxb4 9. Nexd4 Qe7 10. Bb5 Bd7 11. Nxc6 bxc6 12. Bxc6 Rd8 13. O-O Nf6 14. Rb1 a5 15. a3 Bc5 16. Bxd7+ Nxd7 17. d4 Bb6 18. Ne5 O-O 19. Nc6 Qxe4 20. Nxd8 Rxd8 21. Bg5 Nc5 22. Qb5 Nd3 23. Bxd8 Nf4 24. f3 Qxd4+ 25. Kh1 h6 26. Qe8+ Kh7 27. Qe4+ 1-0

[Event "Montcalm op"]
[Site "Quebec CAN"]
[Date "2017.01.08"]
[Round "4"]
[White "Chevalier, Francois"]
[Black "Larkin, Kevin"]
[Result "1/2-1/2"]
[WhiteElo "1754"]
[BlackElo "1838"]
[WhiteFideId "-1"]
[WhiteFideId "-1"]
[PlyCount "65"]
[GameId "2160767908475032"]
[EventDate "2017.01.06"]
[EventType "swiss"]
[EventRounds "5"]
[EventCountry "CAN"]
[SourceTitle "EXT 2022"]
[Source "ChessBase"]
[SourceDate "2021.10.06"]
[SourceVersion "1"]
[SourceVersionDate "2021.10.06"]
[SourceQuality "1"]

1. d4 Nf6 2. Nf3 g6 3. Bf4 d6 4. e3 Bg7 5. Be2 O-O 6. h3 Nbd7 7. Bh2 c5 8. c3 Ne4 9. O-O Qb6 10. Nbd2 Nxd2 11. Qxd2 Nf6 12. Rfd1 Bf5 13. Qc1 Rad8 14. Bd3 Bxd3 15. Rxd3 Ne4 16. Rb1 f5 17. Rd1 g5 18. Nd2 cxd4 19. Nxe4 fxe4 20. exd4 Qb5 21. Qe3 Qf5 22. Rf1 Qg6 23. Rbe1 d5 24. f3 exf3 25. Rxf3 Rxf3 26. Qxf3 e6 27. Qe2 Re8 28. Be5 a6 29. Bxg7 Kxg7 30. a3 Re7 31. Rf1 Rf7 32. Re1 Re7 33. Rf1 1/2-1/2

[Event "Montcalm op"]
[Site "Quebec CAN"]
[Date "2017.01.08"]
[Round "4"]
[White "Chouinard, Marc"]
[Black "Forget, Luc"]
[Result "0-1"]
[WhiteElo "1610"]
[BlackElo "2011"]
[WhiteFideId "-1"]
[WhiteFideId "-1"]
[PlyCount "64"]
[GameId "2160767908475033"]
[EventDate "2017.01.06"]
[EventType "swiss"]
[EventRounds "5"]
[EventCountry "CAN"]
[SourceTitle "EXT 2022"]
[Source "ChessBase"]
[SourceDate "2021.10.06"]
[SourceVersion "1"]
[SourceVersionDate "2021.10.06"]
[SourceQuality "1"]

1. b4 Nf6 2. Bb2 e6 3. a3 d5 4. Nf3 c5 5. bxc5 Bxc5 6. e3 Nc6 7. c4 d4 8. exd4 Nxd4 9. Nxd4 Bxd4 10. Bxd4 Qxd4 11. Nc3 O-O 12. Nb5 Qe4+ 13. Qe2 Bd7 14. Qxe4 Nxe4 15. d3 Nf6 16. Nd4 e5 17. Nf3 Bc6 18. Be2 Rfe8 19. O-O Rad8 20. Rad1 h6 21. d4 Ba4 22. Rb1 exd4 23. Bd3 b6 24. Rfc1 Ne4 25. Rb4 Nc5 26. Bc2 Bxc2 27. Rxc2 d3 28. Rc1 Re2 29. Rbb1 Rc2 30. Kf1 Ne4 31. Re1 f5 32. Rbd1 d2 0-1

[Event "Montcalm op"]
[Site "Quebec CAN"]
[Date "2017.01.08"]
[Round "4"]
[White "Gingras, Philippe"]
[Black "Cournoyer, Dominic"]
[Result "1-0"]
[WhiteElo "1782"]
[BlackElo "1944"]
[WhiteFideId "-1"]
[WhiteFideId "-1"]
[PlyCount "67"]
[GameId "2160767908475034"]
[EventDate "2017.01.06"]
[EventType "swiss"]
[EventRounds "5"]
[EventCountry "CAN"]
[SourceTitle "EXT 2022"]
[Source "ChessBase"]
[SourceDate "2021.10.06"]
[SourceVersion "1"]
[SourceVersionDate "2021.10.06"]
[SourceQuality "1"]

1. d4 d5 2. c4 c6 3. Nc3 f5 4. Nf3 e6 5. Bf4 Nf6 6. e3 Be7 7. Bd3 O-O 8. O-O Bd7 9. Rb1 Be8 10. Bxb8 Rxb8 11. Ne5 Bh5 12. Qc2 Nd7 13. Nxd7 Qxd7 14. b4 Bd6 15. c5 Bc7 16. b5 Qe7 17. bxc6 bxc6 18. Qa4 Qh4 19. f4 Qe7 20. Qxc6 Be8 21. Qa6 Bf7 22. Nb5 Ra8 23. Nxc7 Qxc7 24. Rb7 Qc8 25. Rfb1 Rd8 26. Qa5 Rd7 27. Ba6 Qc6 28. Rxd7 Qxd7 29. Rb7 Qc6 30. Qc7 Qxc7 31. Rxc7 Kf8 32. c6 Ke8 33. Rxf7 Kxf7 34. c7 1-0

[Event "Montcalm op"]
[Site "Quebec CAN"]
[Date "2017.01.08"]
[Round "4"]
[White "Lessard, Claude"]
[Black "Picard, Christian"]
[Result "1-0"]
[WhiteElo "2229"]
[BlackElo "1668"]
[WhiteFideId "-1"]
[WhiteFideId "-1"]
[PlyCount "68"]
[GameId "2160767908475035"]
[EventDate "2017.01.06"]
[EventType "swiss"]
[EventRounds "5"]
[EventCountry "CAN"]
[SourceTitle "EXT 2022"]
[Source "ChessBase"]
[SourceDate "2021.10.06"]
[SourceVersion "1"]
[SourceVersionDate "2021.10.06"]
[SourceQuality "1"]

1. d4 f5 2. e4 fxe4 3. Nc3 Nf6 4. f3 d5 5. Bg5 g6 6. Bxf6 exf6 7. fxe4 dxe4 8. Nxe4 Bg7 9. Nf3 O-O 10. Bc4+ Kh8 11. O-O Bg4 12. c3 c6 13. Qd2 Qc7 14. a4 a5 15. Nc5 Nd7 16. Nd3 Nb6 17. Bb3 Rfe8 18. Rae1 Nd5 19. c4 Ne7 20. Nc5 b6 21. Ne6 Bxe6 22. Rxe6 Nf5 23. Rfe1 Rxe6 24. Rxe6 Bh6 25. Qe2 Qd7 26. d5 cxd5 27. cxd5 Bf8 28. Rxf6 Bc5+ 29. Kh1 Ne3 30. Re6 Re8 31. Ne5 Qc8 32. d6 Bxd6 33. Qxe3 Bxe5 34. Qxe5+ Kg8 1-0

[Event "Montcalm op"]
[Site "Quebec CAN"]
[Date "2017.01.08"]
[Round "4"]
[White "Potvin, Alain-Nicolas"]
[Black "Tremblay, Charles"]
[Result "1/2-1/2"]
[WhiteElo "1770"]
[BlackElo "1663"]
[WhiteFideId "-1"]
[WhiteFideId "-1"]
[PlyCount "95"]
[GameId "2160767908475036"]
[EventDate "2017.01.06"]
[EventType "swiss"]
[EventRounds "5"]
[EventCountry "CAN"]
[SourceTitle "EXT 2022"]
[Source "ChessBase"]
[SourceDate "2021.10.06"]
[SourceVersion "1"]
[SourceVersionDate "2021.10.06"]
[SourceQuality "1"]

1. d4 d5 2. Nf3 Nf6 3. e3 e6 4. Bd3 Be7 5. O-O O-O 6. Nbd2 Nbd7 7. b3 c5 8. Bb2 b6 9. Ne5 Bb7 10. f4 Ne4 11. Rf3 f5 12. Rh3 Ndf6 13. g4 fxg4 14. Nxg4 Nxg4 15. Qxg4 Rf6 16. Nxe4 dxe4 17. Bc4 Bd5 18. Bxd5 Qxd5 19. Rh5 Rg6 20. Qxg6 hxg6 21. Rxd5 exd5 22. Kf2 Bh4+ 23. Ke2 Bf6 24. Rg1 Kf7 25. Rg2 Rh8 26. Kd2 Rh3 27. c3 cxd4 28. cxd4 Ke6 29. Bc1 Kf5 30. Kc3 Be7 31. b4 Rh8 32. Bd2 Rc8+ 33. Kb3 b5 34. a4 a6 35. axb5 axb5 36. Bc3 Rh8 37. Be1 Rh3 38. Bg3 Rh8 39. Ra2 Rb8 40. Ra7 Bf6 41. Rc7 Rb6 42. Rc5 Ke6 43. Rc8 Kf5 44. Rh8 Kg4 45. Rc8 Kf5 46. Rh8 Kg4 47. Rc8 Kf5 48. Rh8 1/2-1/2

[Event "Montcalm op"]
[Site "Quebec CAN"]
[Date "2017.01.08"]
[Round "5"]
[White "Auger, Bertrand"]
[Black "Sarra-Bournet, Marc"]
[Result "1-0"]
[WhiteElo "2019"]
[BlackElo "1853"]
[WhiteFideId "-1"]
[WhiteFideId "-1"]
[PlyCount "81"]
[GameId "2160767908475037"]
[EventDate "2017.01.06"]
[EventType "swiss"]
[EventRounds "5"]
[EventCountry "CAN"]
[SourceTitle "EXT 2022"]
[Source "ChessBase"]
[SourceDate "2021.10.06"]
[SourceVersion "1"]
[SourceVersionDate "2021.10.06"]
[SourceQuality "1"]

1. Nf3 d5 2. g3 Nf6 3. Bg2 Nc6 4. d4 e6 5. O-O Be7 6. c4 dxc4 7. a4 O-O 8. Na3 Na5 9. Nb5 c6 10. Nc3 Nb3 11. Rb1 Nd5 12. Ne5 Nxc3 13. bxc3 Nxc1 14. Qxc1 Qa5 15. Qc2 Qa6 16. Qa2 Rd8 17. Qxc4 Qxc4 18. Nxc4 a5 19. Rb6 Ra7 20. Rfb1 Rd7 21. e3 c5 22. R6b5 cxd4 23. cxd4 Bb4 24. Nb6 Rc7 25. d5 Bd7 26. Nxd7 Rxd7 27. dxe6 fxe6 28. Rc1 Kf7 29. Be4 h6 30. h4 Kf6 31. Bf3 Ke7 32. Kg2 Kd8 33. g4 Rc7 34. Rd1+ Kc8 35. g5 hxg5 36. Rxg5 b6 37. Rg6 Re7 38. Bg4 Rac7 39. Bxe6+ Kb7 40. Rd8 Bc3 41. Bd5+ 1-0

[Event "Montcalm op"]
[Site "Quebec CAN"]
[Date "2017.01.08"]
[Round "5"]
[White "Cournoyer, Dominic"]
[Black "Garcia-Casillas, Carlos"]
[Result "1-0"]
[WhiteElo "1944"]
[BlackElo "1808"]
[WhiteFideId "-1"]
[WhiteFideId "-1"]
[PlyCount "97"]
[GameId "2160767908475039"]
[EventDate "2017.01.06"]
[EventType "swiss"]
[EventRounds "5"]
[EventCountry "CAN"]
[SourceTitle "EXT 2022"]
[Source "ChessBase"]
[SourceDate "2021.10.06"]
[SourceVersion "1"]
[SourceVersionDate "2021.10.06"]
[SourceQuality "1"]

1. c4 Nf6 2. Nc3 g6 3. g3 Bg7 4. Bg2 d6 5. Nf3 O-O 6. O-O e5 7. d4 Nbd7 8. Qc2 c6 9. Rd1 Qe7 10. b3 Re8 11. Bb2 e4 12. Ng5 e3 13. f3 h6 14. Nge4 Nxe4 15. fxe4 Nf6 16. Rf1 Ng4 17. Nd1 Qg5 18. Rf4 f5 19. Qd3 fxe4 20. Bxe4 Qh5 21. h4 Rxe4 22. Qxe4 Bf5 23. Qf3 Re8 24. Nc3 Nf6 25. Rxf5 Qxf5 26. Qxf5 gxf5 27. Rf1 Ne4 28. Nxe4 Rxe4 29. Rxf5 Bxd4 30. Bxd4 Rxd4 31. Rf6 Rd2 32. Rxh6 d5 33. cxd5 cxd5 34. Rd6 d4 35. Kf1 Rd1+ 36. Kg2 Kf7 37. Rd7+ Ke6 38. Rxb7 d3 39. Kf3 Rd2 40. Kxe3 Rxe2+ 41. Kxd3 Rxa2 42. Ke4 Kf6 43. Kf4 Rf2+ 44. Kg4 Ra2 45. h5 Ra5 46. Kh4 Kf5 47. g4+ Kf4 48. Rf7+ Ke5 49. Rf5+ 1-0

[Event "Montcalm op"]
[Site "Quebec CAN"]
[Date "2017.01.08"]
[Round "5"]
[White "Cummins, Paul"]
[Black "Chevalier, Francois"]
[Result "1/2-1/2"]
[WhiteElo "1758"]
[BlackElo "1754"]
[WhiteFideId "-1"]
[WhiteFideId "-1"]
[PlyCount "84"]
[GameId "2160767908475040"]
[EventDate "2017.01.06"]
[EventType "swiss"]
[EventRounds "5"]
[EventCountry "CAN"]
[SourceTitle "EXT 2022"]
[Source "ChessBase"]
[SourceDate "2021.10.06"]
[SourceVersion "1"]
[SourceVersionDate "2021.10.06"]
[SourceQuality "1"]

1. Nf3 Nf6 2. b3 e6 3. Bb2 d5 4. e3 Be7 5. Be2 O-O 6. O-O Nbd7 7. d3 b6 8. Nbd2 Bb7 9. c4 c5 10. Rc1 Rc8 11. Rc2 Bd6 12. cxd5 exd5 13. d4 Qe7 14. h3 Rfe8 15. Nh2 Ne4 16. Bb5 a6 17. Bxd7 Qxd7 18. Ndf3 Bxh2+ 19. Kxh2 Qe6 20. Qe2 f6 21. Rfc1 a5 22. Ba3 Rc7 23. Nd2 Nxd2 24. Qxd2 Rec8 25. dxc5 bxc5 26. Kg1 Qb6 27. Bb2 h6 28. Bc3 Ra8 29. Qe2 Ba6 30. Qf3 Bb7 31. Qg3 Rac8 32. Bd4 Kh7 33. h4 Qb5 34. h5 c4 35. Rc3 Rc6 36. bxc4 Rxc4 37. Rxc4 Rxc4 38. Qg6+ Kh8 39. Rb1 Qc6 40. Rb6 Qc7 41. Qe8+ Kh7 42. Qg6+ Kg8 1/2-1/2

[Event "Montcalm op"]
[Site "Quebec CAN"]
[Date "2017.01.08"]
[Round "5"]
[White "Dube, Daniel"]
[Black "Gingras, Philippe"]
[Result "1/2-1/2"]
[WhiteElo "1782"]
[BlackElo "1782"]
[WhiteFideId "-1"]
[WhiteFideId "-1"]
[PlyCount "89"]
[GameId "2160767908475041"]
[EventDate "2017.01.06"]
[EventType "swiss"]
[EventRounds "5"]
[EventCountry "CAN"]
[SourceTitle "EXT 2022"]
[Source "ChessBase"]
[SourceDate "2021.10.06"]
[SourceVersion "1"]
[SourceVersionDate "2021.10.06"]
[SourceQuality "1"]

1. e4 c6 2. d4 d5 3. Nc3 dxe4 4. Nxe4 Bf5 5. Ng3 Bg6 6. Bc4 e6 7. N1e2 Bd6 8. h4 h6 9. Nf4 Bxf4 10. Bxf4 Qa5+ 11. c3 Nf6 12. Qb3 Qb6 13. Qa3 Nbd7 14. O-O c5 15. dxc5 Qxc5 16. Qb3 O-O 17. Rad1 Nb6 18. Bd3 Bxd3 19. Rxd3 Nfd5 20. Bc1 Rac8 21. Rd4 Qc6 22. Qd1 a5 23. Nh5 f5 24. Nf4 Nxf4 25. Bxf4 Nd5 26. Be5 Qb5 27. Qb3 Qxb3 28. axb3 Rc6 29. c4 Nf6 30. Bxf6 Rxf6 31. Ra1 b6 32. Rad1 e5 33. Rd5 e4 34. Rd8+ Kh7 35. h5 f4 36. Re8 Rce6 37. Rdd8 Rxe8 38. Rxe8 f3 39. g3 Rd6 40. Rxe4 Rd1+ 41. Kh2 Rd2 42. Rf4 Rxf2+ 43. Kh3 Rxb2 44. Rxf3 g5 45. hxg6+ 1/2-1/2

[Event "Montcalm op"]
[Site "Quebec CAN"]
[Date "2017.01.08"]
[Round "5"]
[White "Forget, Luc"]
[Black "Pare, Marc"]
[Result "0-1"]
[WhiteElo "2011"]
[BlackElo "1946"]
[WhiteFideId "-1"]
[WhiteFideId "-1"]
[PlyCount "106"]
[GameId "2160767908475042"]
[EventDate "2017.01.06"]
[EventType "swiss"]
[EventRounds "5"]
[EventCountry "CAN"]
[SourceTitle "EXT 2022"]
[Source "ChessBase"]
[SourceDate "2021.10.06"]
[SourceVersion "1"]
[SourceVersionDate "2021.10.06"]
[SourceQuality "1"]

1. d4 Nf6 2. Nf3 e6 3. c4 b6 4. a3 Bb7 5. Nc3 d5 6. e3 Be7 7. cxd5 exd5 8. Bb5+ Nbd7 9. Ne5 O-O 10. Bc6 Bxc6 11. Nxc6 Qe8 12. Nxe7+ Qxe7 13. O-O Rfd8 14. b4 a5 15. Rb1 axb4 16. axb4 Nf8 17. Qf3 Ne6 18. Bd2 Ng5 19. Qe2 Nge4 20. Rfc1 Nxc3 21. Bxc3 Qd7 22. Be1 b5 23. f3 Ne8 24. Bg3 c6 25. Rc5 Ra4 26. Qc2 Qe7 27. Qc3 Rda8 28. Rxc6 Ra3 29. Qc1 Rxe3 30. Be5 Rea3 31. Rc8 f6 32. Rxa8 Rxa8 33. Qc6 Rd8 34. Bg3 Qe3+ 35. Bf2 Qd3 36. Re1 Kf7 37. Qe6+ Kg6 38. h4 h5 39. Qc6 Qc4 40. Qxc4 dxc4 41. d5 Nc7 42. Bb6 Rd7 43. d6 Nd5 44. Bc5 c3 45. Kf2 Nf4 46. Ra1 c2 47. Ke3 Nxg2+ 48. Kd2 Nxh4 49. Ra5 Nxf3+ 50. Kxc2 h4 51. Rxb5 h3 52. Rb8 Kh7 53. Ra8 Ne1+ 0-1

[Event "Montcalm op"]
[Site "Quebec CAN"]
[Date "2017.01.08"]
[Round "5"]
[White "Lacerte, Kevin"]
[Black "Boissinot, Claude"]
[Result "1-0"]
[WhiteElo "1560"]
[BlackElo "1530"]
[WhiteFideId "-1"]
[WhiteFideId "-1"]
[PlyCount "119"]
[GameId "2160767908475043"]
[EventDate "2017.01.06"]
[EventType "swiss"]
[EventRounds "5"]
[EventCountry "CAN"]
[SourceTitle "EXT 2022"]
[Source "ChessBase"]
[SourceDate "2021.10.06"]
[SourceVersion "1"]
[SourceVersionDate "2021.10.06"]
[SourceQuality "1"]

1. e4 c5 2. Nf3 e6 3. d4 cxd4 4. Nxd4 Nf6 5. Nc3 d6 6. Be3 a6 7. g4 h6 8. Be2 Qc7 9. Qd2 b5 10. a3 Bb7 11. f3 Nbd7 12. O-O-O Rc8 13. h4 d5 14. g5 hxg5 15. hxg5 Nh5 16. Rh3 Bxa3 17. Ncxb5 Bxb2+ 18. Kxb2 axb5 19. f4 g6 20. Nxb5 Qb8 21. c4 Nc5 22. Bxc5 Rxc5 23. Qd4 Rxb5+ 24. cxb5 Rf8 25. Bxh5 gxh5 26. e5 Bc6 27. Rb3 Bd7 28. Qc5 Rh8 29. Rb4 h4 30. b6 Kd8 31. Qc7+ Qxc7 32. bxc7+ Kxc7 33. Rh1 Bc6 34. Rb3 d4 35. Rh2 Be4 36. Rbh3 Rb8+ 37. Rb3 Ra8 38. Rb4 Bd5 39. Rxh4 Ra2+ 40. Kc1 d3 41. Rd4 Rc2+ 42. Kb1 Ba2+ 43. Ka1 d2 44. Rh1 Rc1+ 45. Kxa2 Rxh1 46. Rxd2 Rf1 47. Rc2+ Kb6 48. Rc4 Kb5 49. Re4 Rf2+ 50. Kb3 Rf3+ 51. Kc2 Kc5 52. Kd2 Kd5 53. Ra4 Rh3 54. Ra7 Rh2+ 55. Ke3 Rh3+ 56. Kf2 Ke4 57. Rxf7 Rf3+ 58. Kg2 Rxf4 59. Rxf4+ Kxf4 60. g6 1-0

[Event "Montcalm op"]
[Site "Quebec CAN"]
[Date "2017.01.08"]
[Round "5"]
[White "Larkin, Kevin"]
[Black "Potvin, Alain-Nicolas"]
[Result "1/2-1/2"]
[WhiteElo "1838"]
[BlackElo "1770"]
[WhiteFideId "-1"]
[WhiteFideId "-1"]
[PlyCount "168"]
[GameId "2160767908475044"]
[EventDate "2017.01.06"]
[EventType "swiss"]
[EventRounds "5"]
[EventCountry "CAN"]
[SourceTitle "EXT 2022"]
[Source "ChessBase"]
[SourceDate "2021.10.06"]
[SourceVersion "1"]
[SourceVersionDate "2021.10.06"]
[SourceQuality "1"]

1. e4 d6 2. d4 Nf6 3. Bd3 c6 4. c4 g6 5. h3 Bg7 6. Nc3 Qc7 7. Nf3 Nbd7 8. O-O O-O 9. Be3 a6 10. Rc1 e5 11. d5 c5 12. a3 Re8 13. Re1 Nf8 14. b4 b6 15. b5 a5 16. Qd2 Bd7 17. Bg5 Reb8 18. Nh2 Qc8 19. Bf1 h5 20. Nf3 N6h7 21. Bh6 f5 22. Bxg7 Kxg7 23. exf5 gxf5 24. Nh4 Qd8 25. g3 Ng6 26. Nxg6 Kxg6 27. h4 Qf6 28. Be2 Rg8 29. Kh2 Qg7 30. Nd1 Raf8 31. Ne3 Qh6 32. Rcd1 Nf6 33. Bf3 Ng4+ 34. Nxg4 hxg4 35. Qxh6+ Kxh6 36. Bg2 Kh5 37. Rd2 Rg7 38. Kg1 Re7 39. Bf1 Be8 40. Bg2 Bg6 41. Re3 f4 42. Re1 e4 43. gxf4 Rxf4 44. Re3 Kxh4 45. Rde2 Kg5 46. Rd2 Rf8 47. Rde2 Rfe8 48. Re1 Kf4 49. Kh2 Bf5 50. Kg1 Rg7 51. Kh2 Rh7+ 52. Kg1 Rh3 53. Bxh3 gxh3 54. Kh2 Bg4 55. Rg3 Re5 56. Ree3 Rh5 57. Re1 Rh4 58. Ree3 Rh5 59. Rxg4+ Kxg4 60. Rxe4+ Kf3 61. Re6 Rh4 62. Rxd6 Rxc4 63. Rxb6 Rd4 64. Rf6+ Ke4 65. b6 Rxd5 66. b7 Rd8 67. Rc6 Rb8 68. Rxc5 Rxb7 69. Rxa5 Rb3 70. Rh5 Rxa3 71. Rh4+ Kf5 72. Rxh3 Rxh3+ 73. Kxh3 Kf4 74. Kg2 Kg4 75. f3+ Kf5 76. Kg3 Kg5 77. f4+ Kf6 78. Kg4 Kg6 79. f5+ Kf7 80. Kg5 Kg7 81. f6+ Kf8 82. Kg6 Kg8 83. f7+ Kf8 84. Kh5 Kxf7 1/2-1/2

[Event "Montcalm op"]
[Site "Quebec CAN"]
[Date "2017.01.08"]
[Round "5"]
[White "Roy, Jean-Pierre"]
[Black "Bedard Roy, Brandon"]
[Result "0-1"]
[WhiteElo "1319"]
[BlackElo "1287"]
[WhiteFideId "-1"]
[WhiteFideId "-1"]
[PlyCount "82"]
[GameId "2160767908475046"]
[EventDate "2017.01.06"]
[EventType "swiss"]
[EventRounds "5"]
[EventCountry "CAN"]
[SourceTitle "EXT 2022"]
[Source "ChessBase"]
[SourceDate "2021.10.06"]
[SourceVersion "1"]
[SourceVersionDate "2021.10.06"]
[SourceQuality "1"]

1. d4 d5 2. Nf3 c6 3. c4 Nf6 4. Nc3 e6 5. Bf4 Bb4 6. Qb3 Bxc3+ 7. bxc3 O-O 8. e3 Nbd7 9. Bd3 b6 10. O-O Ba6 11. Qa4 Qc8 12. Ne5 Nxe5 13. Bxe5 dxc4 14. Bb1 Nd7 15. Qc2 f5 16. Bd6 Rf7 17. g4 g6 18. gxf5 gxf5 19. f3 Qd8 20. Rf2 Qh4 21. Bg3 Rg7 22. Rg2 Qh5 23. Be5 Nxe5 24. Rxg7+ Kxg7 25. Qg2+ Ng6 26. e4 Kf6 27. Kh1 Rg8 28. exf5 exf5 29. Qe2 Bb7 30. Bc2 c5 31. Rf1 Kf7 32. Qxc4+ Kf6 33. d5 Ne5 34. Qe2 Bxd5 35. Bd1 Rg6 36. h3 Bc4 37. Qf2 Bxf1 38. Qxf1 Rg3 39. Kh2 f4 40. a4 Nxf3+ 41. Bxf3 Qxf3 0-1

[Event "Montcalm op"]
[Site "Quebec CAN"]
[Date "2017.01.08"]
[Round "5"]
[White "Tremblay, Charles"]
[Black "Dorion, Francois"]
[Result "1-0"]
[WhiteElo "1663"]
[BlackElo "1559"]
[WhiteFideId "-1"]
[WhiteFideId "-1"]
[PlyCount "55"]
[GameId "2160767739640829"]
[EventDate "2017.01.06"]
[EventType "swiss"]
[EventRounds "5"]
[EventCountry "CAN"]
[SourceTitle "EXT 2022"]
[Source "ChessBase"]
[SourceDate "2021.10.06"]
[SourceVersion "1"]
[SourceVersionDate "2021.10.06"]
[SourceQuality "1"]

1. c4 c5 2. Nc3 Nf6 3. Nf3 Nc6 4. g3 e5 5. Bg2 d6 6. O-O Be7 7. d3 h6 8. Bd2 O-O 9. Rb1 d5 10. cxd5 Nxd5 11. Nxd5 Qxd5 12. a3 Be6 13. Bc3 f6 14. Nxe5 Qd6 15. Nxc6 bxc6 16. Bd2 Rfd8 17. Bf4 Qd7 18. Qa4 Bd5 19. Bxd5+ Qxd5 20. Qc4 Qxc4 21. dxc4 Rd4 22. b3 Rad8 23. Be3 R4d7 24. Kg2 Rb7 25. Bf4 g5 26. Be3 Rdb8 27. Rbd1 Rxb3 28. Rd7 {Time/temps} 1-0

[Event "Montcalm op"]
[Site "Quebec CAN"]
[Date "2017.01.08"]
[Round "5"]
[White "Vadnais, Michel"]
[Black "Chouinard, Marc"]
[Result "1/2-1/2"]
[WhiteElo "1706"]
[BlackElo "1610"]
[WhiteFideId "-1"]
[WhiteFideId "-1"]
[PlyCount "45"]
[GameId "2160767908475047"]
[EventDate "2017.01.06"]
[EventType "swiss"]
[EventRounds "5"]
[EventCountry "CAN"]
[SourceTitle "EXT 2022"]
[Source "ChessBase"]
[SourceDate "2021.10.06"]
[SourceVersion "1"]
[SourceVersionDate "2021.10.06"]
[SourceQuality "1"]

1. e4 e5 2. Nf3 d6 3. d4 exd4 4. Qxd4 Nc6 5. Bb5 Bd7 6. Bxc6 Bxc6 7. O-O Nf6 8. Nc3 Be7 9. Bg5 O-O 10. Rfe1 Re8 11. Rad1 h6 12. Bh4 Ng4 13. Bxe7 Rxe7 14. Nd2 Qd7 15. Nf1 b6 16. Ng3 Rae8 17. h3 Nf6 18. Re3 Re6 19. Rde1 g6 20. Rf3 Qe7 21. Rfe3 Qd7 22. Rf3 Qe7 23. Rfe3 1/2-1/2